Statistics for Top 15 Countries with Covid-19 Cases - 28 August

Click here to take the quiz!

General Stats

  • This quiz has been taken 19 times
  • The average score is 14 of 24

Answer Stats

country% Correct
United States
100%
India
94%
Spain
94%
Mexico
88%
Russia
88%
Brazil
82%
United Kingdom
82%
Argentina
76%
Colombia
71%
Iran
71%
South Africa
59%
Chile
53%
Chile
53%
Peru
53%
Bangladesh
47%
Saudi Arabia
41%
Oman
35%
Israel
29%
Kuwait
29%
Qatar
29%
Singapore
29%
Armenia
24%
Bahrain
24%
Panama
24%

Score Distribution

Percentile by Number Answered

Percent of People with Each Score

Your Score History

You have not taken this quiz